Time for fresh thinking? (Record no. 82143)

MARC details
000 -LEADER
fixed length control field 01540cab a22002295a 4500
001 - CONTROL NUMBER
control field L149333
008 - FIXED-LENGTH DATA ELEMENTS--GENERAL INFORMATION
fixed length control field 090821e20100609xxk 000 0 eng d
035 ## - SYSTEM CONTROL NUMBER
System control number (Sirsi) u149340
041 0# - LANGUAGE CODE
Language code of text/sound track or separate title eng
100 1# - MAIN ENTRY--PERSONAL NAME
Personal name Rowe, Frances
245 02 - TITLE STATEMENT
Title Time for fresh thinking?
Remainder of title The Local Democracy, Economic Development and Construction Act 2009 has made rural land use a regional issue
Medium [electronic resource]
260 ## - PUBLICATION, DISTRIBUTION, ETC.
Date of publication, distribution, etc. 2010
490 ## - SERIES STATEMENT
Series statement Land Journal
Volume/sequential designation February-March 2010, 9,11 (2)
520 ## - SUMMARY, ETC.
Summary, etc. The Local Democracy, Economic Development and Construction Act 2009, which received Royal Asset in November 2009, imposes a joint duty on regional development agencies and local authorities to produce a single regional strategy. Putting aside the vagaries of politics and the possibility of a change of government after the next General Election, this means that Regional Development Agencies and local authorities for the English regions are required to put in place strategic plans that join up land-use planning and economic development (including transport and housing).
590 ## - LOCAL NOTE (RLIN)
Local note KA
650 24 - SUBJECT ADDED ENTRY--TOPICAL TERM
Topical term or geographic name entry element LOCAL DEMOCRACY, ECONOMIC DEVELOPMENT AND CONSTRUCTION ACT 2009
650 24 - SUBJECT ADDED ENTRY--TOPICAL TERM
Topical term or geographic name entry element HOUSING GRANTS, CONSTRUCTION AND REGENERATION ACT 1996
651 #4 - SUBJECT ADDED ENTRY--GEOGRAPHIC NAME
Geographic name United Kingdom
Chronological subdivision
690 ## - LOCAL SUBJECT ADDED ENTRY--TOPICAL TERM (OCLC, RLIN)
Topical term or geographic name as entry element ENVIRONMENTAL AND LAND CONSULTANCY-PLANNING AND DEVELOPMENT-PLANNING GUIDANCE-LOCAL DEVELOPMENT PLANS
856 48 - ELECTRONIC LOCATION AND ACCESS
Uniform Resource Identifier <a href="https://www.rics.org/site/download_feed.aspx?fileID=5761&fileExtension=PDF">https://www.rics.org/site/download_feed.aspx?fileID=5761&fileExtension=PDF</a>
Public note View this item (member-only access) at www.rics.org
942 ## - ADDED ENTRY ELEMENTS (KOHA)
Suppress in OPAC 0
Holdings
Withdrawn status Lost status Source of classification or shelving scheme Damaged status Not for loan Home library Current library Shelving location Date acquired Total Checkouts Full call number Barcode Date last seen Copy number Price effective from Koha item type
    Dewey Decimal Classification     Virtual Virtual Online 22/02/2010   ONLINE PUBLICATION 149340-2001 06/08/2019 1 06/08/2019 Journal article